ბათუმის შოთა რუსთაველის სახელმწიფო უნივერსიტეტის ბიბლიოთეკა

თამარ მეფე წმინდანი : (ბიბ.ჩანაწერი № 62721)

000 -ლიდერი
ფიქსირებული სიგრძის საკონტროლო ველი 01748nam a22002057a 4500
003 - საკონტროლო ნომრის იდენტიფიკატორი
საკონტროლო ველი Ge_BSU
005 - ბოლო ოპერაციის თარიღი და დრო
საკონტროლო ველი 20250130123459.0
008 - ფიქსირებული სიგრძის მონაცემთა ელემენტები - ზოგადი ინფორმაცია
ფიქსირებული სიგრძის საკონტროლო ველი 250130s2014 ge ||||| |||| 00| 0 geo d
020 ## - წიგნის საერთაშორისო სტანდარტული ნომერი
International Standard Book Number 9789994021000
041 ## - ენის კოდი
Language code of text/sound track or separate title geo
080 ## - უნივერსალური ათობითი კლასიფიკაციის ინდექსი
Universal Decimal Classification number 94(479.22)"1160-1213"(063) თ-26
245 ## - ცნობა სათაურის შესახებ
Title თამარ მეფე წმინდანი :
Remainder of title თამარ მეფის ხსენებისადმი მიძღვნილი კონფერენციის მასალები /
Statement of responsibility, etc ბათუმის შოთა რუსთაველის სახ. უნ-ტი, ნიკო ბერძენიშვილის ინ-ტი, საქ. განათლების, მეცნ. აკად. აჭარის განყ-ბა, აჭარის ქალთა დარბაზი ; რედ. ნანი გუგუნავა.
264 ## - წარმოების, გამოცემის, დისტრიბუციის და სხვა ცნობები
გამოცემის, წარმოების, დისტრიბუციის... ადგილი ბათუმი :
გამოცემის, წარმოების, დისტრიბუციის... სახელწოდება ს.ს. "გამომცემლობა აჭარა",
გამოცემის, წარმოების, დისტრიბუციის... თარიღი 2014.
300 ## - ფიზიკური აღწერა
Extent 80 გვ. ;
Other physical details 20 სმ.
500 ## - ზოგადი შენიშვნა
General note გარეკანზე: ქეთევან მაღალაშვილის "თამარ მეფე".
504 ## - BIBLIOGRAPHY, ETC. NOTE
Bibliography, etc ბიბლიოგრ. მოხსენებების ბოლოს.
700 ## - ADDED ENTRY--PERSONAL NAME
Personal name გუგუნავა, ნ. (ნანი)
Relator term რედაქტორი
9 (RLIN) 24186
710 ## - ADDED ENTRY--CORPORATE NAME
Corporate name or jurisdiction name as entry element ბათუმის შოთა რუსთაველის სახ. უნ-ტი. ნიკო ბერძენიშვილის ინ-ტი.
Subordinate unit საქ. განათლების, მეცნ. აკად. აჭარის განყ-ბა. აჭარის ქალთა დარბაზი.
9 (RLIN) 24187
942 ## - ADDED ENTRY ELEMENTS (KOHA)
Source of classification or shelving scheme
Koha item type წიგნი
ეგზემპლარები
ჩამოწერის სტატუსი დაკარგული ეგზემპლარის სტატუსი კლასიფიკაციის წყარო ან თაროზე გაწყობის სქემა დაზიანების სტატუსი არ გაიცემა მუდმივი მდებარეობა (დაცვის ადგილი) ამჟამინდელი ადგილსამყოფელი თაროზე განთავსების ადგილი შეძენის თარიღი ღირებულება, შესყიდვის ნორმალური ფასი სრული შენახვის შიფრი შტრიხკოდი ბოლო ოპერაციის თარიღი ეგზემპლარის მიმდევრობითი ნომერი (კეტერი?) Uniform Resource Identifier ფასის ძალაში შესვლის თარიღი ეგზემპლარის სახეობა საჯარო შენიშვნა
          ბათუმის შოთა რუსთაველის სახელმწიფო უნივერსიტეტის მთავარი ბიბლიოთეკა ბათუმის შოთა რუსთაველის სახელმწიფო უნივერსიტეტის მთავარი ბიბლიოთეკა წიგნსაცავი 2025-01-30 5.00 94(479.22) 70500 2025-01-30 70500 ნაჩუქარი 2025-01-30 წიგნი 5 ლ.